Catálogo

Conozca su propia mente / (Registro nro. 19378)

Detalles MARC
000 -LEADER
fixed length control field 00900cam a2200253 i 4500
001 - CONTROL NUMBER
control field 19378
005 - DATE AND TIME OF LATEST TRANSACTION
control field 20180713212816.0
008 - FIXED-LENGTH DATA ELEMENTS--GENERAL INFORMATION
fixed length control field 140415s1977 mx r 000 0 spa d
040 ## - CATALOGING SOURCE
Original cataloging agency MX-PuUPA
Language of cataloging spa
Description conventions rda
Transcribing agency Mx-PuUPA
Modifying agency Mx-PuUPA
041 ## - LANGUAGE CODE
Language code of text/sound track or separate title spa
082 0# - DEWEY DECIMAL CLASSIFICATION NUMBER
Classification number 158.1
Item number SHE
100 1# - MAIN ENTRY--PERSONAL NAME
Personal name Sherman, Harold M.
Dates associated with a name 1898-1987,
Fuller form of name (Harold Morrow),
Relator term autor
240 10 - UNIFORM TITLE
Uniform title Know your own mind.
Language of a work Español
245 10 - TITLE STATEMENT
Title Conozca su propia mente /
Statement of responsibility, etc. Harold Sherman ; traductor Luis Saúl Flores.
250 ## - EDITION STATEMENT
Edition statement 1a. edición
264 #1 - PRODUCTION, PUBLICATION, DISTRIBUTION, MANUFACTURE, AND COPYRIGHT NOTICE
Place of production, publication, distribution, manufacture México, D.F. :
Name of producer, publisher, distributor, manufacturer Editorial Diana,
Date of production, publication, distribution, manufacture, or copyright notice 1977
300 ## - PHYSICAL DESCRIPTION
Extent 184 páginas ;
Dimensions 23 cm.
336 ## - CONTENT TYPE
Content type term texto
Source rdacontent
337 ## - MEDIA TYPE
Media type term sin mediación
Source rdamedia
338 ## - CARRIER TYPE
Carrier type term volumen
Source rdacarrier
650 #4 - SUBJECT ADDED ENTRY--TOPICAL TERM
Topical term or geographic name entry element Personalidad
700 1# - ADDED ENTRY--PERSONAL NAME
Personal name Flores, Luis Saúl,
Relator term traductor
700 1# - ADDED ENTRY--PERSONAL NAME
Relationship information Traducción de:
Personal name Sherman, Harold M.,
Fuller form of name (Harold Morrow),
Dates associated with a name 1898-1987.
Title of a work Know your own mind.
Existencias
Withdrawn status Lost status Source of classification or shelving scheme Damaged status Not for loan Collection code Home library Current library Shelving location Date acquired Source of acquisition Inventory number Total Checkouts Total Renewals Full call number Barcode Date last seen Date last checked out Price effective from Koha item type
    Dewey Decimal Classification     General Biblioteca Karol Wojtyla Biblioteca Karol Wojtyla Sala general 03/12/2013 Compra 151000000000000000063659 3 1 158.1 SHE 1977 38846 05/01/2026 11/03/2025 06/07/2018 Libro